Diritto Canonico: nozioni e riflessioni
Guardado en:
| Autor principal: | |
|---|---|
| Formato: | Libro |
| Lenguaje: | italiano |
| Publicado: |
Milán
CEDAM
2012
|
| Edición: | 3a. ed |
| Colección: | Diritto Canonico - Diritto Ecclesiastico, 7
|
| Materias: | |
| Etiquetas: |
Agregar Etiqueta
Sin Etiquetas, Sea el primero en etiquetar este registro!
|
MARC
| LEADER | 00000cam a2200000 a 4500 | ||
|---|---|---|---|
| 001 | UCC5186 | ||
| 003 | CL-VaPUC | ||
| 008 | 180927e20120000it |||||||||||||||||ita|d | ||
| 020 | |a 9788813281557v.2 | ||
| 082 | 0 | 4 | |a 262.9 |b GHE |2 21 |
| 100 | 0 | |a Gherro, Sandro |e author |9 599465 | |
| 245 | 1 | 0 | |a Diritto Canonico: nozioni e riflessioni |
| 250 | |a 3a. ed | ||
| 300 | |a v | ||
| 942 | |c BK | ||
| 945 | |d 20180927 22:58:00 |a dcastane | ||
| 260 | |a Milán |b CEDAM |c 2012 | ||
| 500 | |a v.2: Diritto matrimoniale | ||
| 650 | 7 | |a DERECHO CANONICO |2 CL-VaPUC |9 599466 | |
| 650 | 0 | |a Derecho eclesiástico |9 255055 | |
| 583 | |a last modification |c 20180927 22:58:00 |k Rodrigo Vera | ||
| 490 | 0 | |a Diritto Canonico - Diritto Ecclesiastico, 7 | |
| 999 | |c 372459 |d 372457 | ||
| 952 | |0 0 |1 0 |3 erb |4 0 |6 262_900000000000000_GHE_2012 |7 0 |8 A |9 490130 |a BIBDER |b BIBDER |h v.2 |i 5503191 |o 262.9 GHE 2012 |p 5503191 |r 2023-01-25 |w 2019-11-24 |y BK |z Catalogado en:20180927 |k DER | ||